Visualizzazione normale
Vista MARC
- Rossi Carlo Alberto (Cicero)
di Personal Name
Records bibliografici associati: 1
001 - CONTROL NUMBER
- control field: 7697
003 - CONTROL NUMBER IDENTIFIER
- control field: IT-RoPau
005 - DATE AND TIME OF LATEST TRANSACTION
- control field: 20140105152556.0
008 - FIXED-LENGTH DATA ELEMENTS
- fixed length control field: 140105|| aca||aabn | a|a d
040 ## - CATALOGING SOURCE
- Original cataloging agency: IT-RoPau
- Transcribing agency: IT-RoPau
100 ## - HEADING--PERSONAL NAME
- Personal name: Rossi Carlo Alberto (Cicero)
- Dates associated with a name: Codice autore musica SPICS: 13130
- Relator term: Autore musica
- Name of part/section of a work: Ti saluto e vado in Abissinia
670 ## - SOURCE DATA FOUND
- Source citation: Work cat.: (IT-RoPau)99729: AA.VV. 794, A.O.I.-Inni, marce e canzoni della guerra d'Africa (Lp Sm 3377)